000 00755nam a2200253 a 4500
001 69038
003 BD-RjUL
005 20211209081837.0
008 170409r19681965enka|||| b||| 001 0 eng d
020 _a090743415
_c090743423 (pbk)
035 _a(BD-RjUL)69249
040 _aBD-RjUL
_beng
_cBD-RjUL
041 _aeng
082 _223
_a599.5
_bHAM 1968
100 _aHarrison, Richard J.
_9204537
245 _aMarine mammals /
_cRichard J. Harrison & Judith E. King
260 _aLondon :
_bHutchinson University,
_c1968.
300 _a192 p. :
_bill. ;
_c22 cm.
490 _aBiological sciences.
504 _aIncludes bibliographies and indexes.
650 _aMarine mammals.
_9204538
830 _aBiological sciences.
_9204540
942 _2ddc
_cBK
999 _c69038
_d69038